Reforms and structural changes in India / (Record no. 38164)
[ view plain ]
| 000 -LEADER | |
|---|---|
| fixed length control field | 00734nam a22002057a 4500 |
| 005 - DATE AND TIME OF LATEST TRANSACTION | |
| control field | 20100729132826.0 |
| 010 ## - LCCN (DPL NO) | |
| LC control number | ENG-97314 |
| 020 ## - INTERNATIONAL STANDARD BOOK NUMBER | |
| International Standard Book Number | 9788184840179 |
| Terms of availability | 1280.00 |
| 035 ## - SYSTEM CONTROL NUMBER | |
| System control number | EN-80847 |
| 037 ## - SOURCE OF ACQUISITION | |
| Source of stock number/acquisition | DBAD/PUB |
| 082 ## - DEWEY DECIMAL CLASSIFICATION NUMBER | |
| Classification number | 338.954 |
| 245 ## - TITLE STATEMENT | |
| Title | Reforms and structural changes in India / |
| Statement of responsibility, etc | edited by Prankrishna Pal |
| 260 ## - PUBLICATION, DISTRIBUTION, ETC. (IMPRINT) | |
| Place of publication, distribution, etc | New Delhi |
| Name of publisher, distributor, etc | Regal Publications |
| Date of publication, distribution, etc | 2009 |
| 270 ## - ADDRESS | |
| Address | F-159, Rajouri Garden |
| City | New Delhi |
| Postal code | 110027 |
| 300 ## - PHYSICAL DESCRIPTION | |
| Extent | xvi, 367p. |
| Dimensions | 22cm, (Hb) |
| 500 ## - GENERAL NOTE | |
| General note | includes index |
| 700 ## - ADDED ENTRY--PERSONAL NAME | |
| 9 (RLIN) | 2343 |
| Personal name | Pal, Prankrishna |
| 942 ## - ADDED ENTRY ELEMENTS (KOHA) | |
| Source of classification or shelving scheme | Dewey Decimal Classification |
| Item type | English Books |
| Classification part | 338.954 |
| Call number suffix | REF |
| Withdrawn status | Lost status | Not for loan | Collection code | Home library | Current library | Date acquired | Source of acquisition | Cost, normal purchase price | Full call number | Barcode | Copy number | Cost, replacement price | Koha item type |
|---|---|---|---|---|---|---|---|---|---|---|---|---|---|
| Not For Loan | Non-fiction | D.B.Act.Division | D.B.Act.Division | 29/07/2010 | DBAD/PUB | 1280.00 | 338.954 REF | EN-80847 | 1 | 1280.00 | English Books |
